00409nam a2200169Ia 4500008004100000020002200041050001700063050001400080245003200094260001400126260001700140260000900157300001600166300002000182300001100202650002600213180523s9999 xx 000 0 und d a978-1-121-53623-4 aMAIN HF 5549 b.H86 2012 0aHuman resource management / a[s. l.] : bMcGraw-Hill, c2012 a358 pages : billustrations ; c26 cm. aPersonnel management.